<?xml version="1.0" encoding="UTF-8"?>
<record
    xmlns:xsi="http://www.w3.org/2001/XMLSchema-instance"
    xsi:schemaLocation="http://www.loc.gov/MARC21/slim http://www.loc.gov/standards/marcxml/schema/MARC21slim.xsd"
    xmlns="http://www.loc.gov/MARC21/slim">

  <leader>00665cam a22002174  4500</leader>
  <controlfield tag="001">ne 68003108 </controlfield>
  <controlfield tag="003">DLC</controlfield>
  <controlfield tag="005">20260227111845.0</controlfield>
  <controlfield tag="008">950427s1962    ir       b    000 0 pero </controlfield>
  <datafield tag="010" ind1=" " ind2=" ">
    <subfield code="a">ne 68003108 </subfield>
  </datafield>
  <datafield tag="035" ind1=" " ind2=" ">
    <subfield code="a">(OCoLC)32379021</subfield>
  </datafield>
  <datafield tag="040" ind1=" " ind2=" ">
    <subfield code="a">DLC</subfield>
    <subfield code="c">CU</subfield>
    <subfield code="d">CU</subfield>
    <subfield code="d">DLC</subfield>
  </datafield>
  <datafield tag="042" ind1=" " ind2=" ">
    <subfield code="a">pcc</subfield>
  </datafield>
  <datafield tag="043" ind1=" " ind2=" ">
    <subfield code="a">a-af---</subfield>
  </datafield>
  <datafield tag="050" ind1="0" ind2="0">
    <subfield code="a">Z6958.A33</subfield>
    <subfield code="b">M36 1962</subfield>
  </datafield>
  <datafield tag="100" ind1="1" ind2=" ">
    <subfield code="a">M&#x101;yil Harav&#x12B;, Rez&#x324;a.</subfield>
  </datafield>
  <datafield tag="245" ind1="1" ind2="0">
    <subfield code="a">Mu&#x2BB;arrif&#x12B;-i r&#x16B;zn&#x101;mah&#x2B9;h&#x101;, jar&#x101;yid, majall&#x101;t-i Afgh&#x101;nist&#x101;n /</subfield>
    <subfield code="c">M&#x101;yil Harav&#x12B;.</subfield>
  </datafield>
  <datafield tag="260" ind1=" " ind2=" ">
    <subfield code="a">[Afghanistan] :</subfield>
    <subfield code="b">Di Parw&#x101;n Dawlat&#x12B; Ma&#x1E6D;ba&#x2BB;ah,</subfield>
    <subfield code="c">1341 [1962]</subfield>
  </datafield>
  <datafield tag="300" ind1=" " ind2=" ">
    <subfield code="a">6, 144 p. ;</subfield>
    <subfield code="c">19 cm.</subfield>
  </datafield>
  <datafield tag="650" ind1=" " ind2="0">
    <subfield code="a">Periodicals</subfield>
    <subfield code="z">Afghanistan</subfield>
    <subfield code="v">Bibliography.</subfield>
  </datafield>
  <datafield tag="999" ind1=" " ind2=" ">
    <subfield code="c">50693</subfield>
    <subfield code="d">50693</subfield>
  </datafield>
</record>
